00542cam a2200205ua 45000010005000000080039000050200018000440400009000620820010000711000019000812450033001002500009001332600049001423000022001916530026002136530016002396530012002557000028002677000041002951740110805n ii |||gr||||Z||||||eng a81-904155-0-6 cMAIN a599.8 aChatri, Rekha,1 aAmar Halloocby Rekha Chatri a1st. aMariani:bGibbon Conservation centre,c2007. a70p:bill;c23cm. aEnvironmental science aamar halloo aAnimals aChetri, Dilip,eAuthor. aBhattacharjya, Parimol Ch.,eAuthor.